Molecular Medicine (Запис № 460016)

МАРК-запис
000 -LEADER
fixed length control field 03012nas a22003255i 4500
001 - CONTROL NUMBER
control field 1528-3658
003 - CONTROL NUMBER IDENTIFIER
control field DE-He213
005 - DATE AND TIME OF LATEST TRANSACTION
control field 20260304140540.0
007 - PHYSICAL DESCRIPTION FIXED FIELD--GENERAL INFORMATION
fixed length control field cr nn 008mamaa
008 - FIXED-LENGTH DATA ELEMENTS--GENERAL INFORMATION
fixed length control field 170822s||||||||xxkuu poo|||||| b|EN |d
022 ## - INTERNATIONAL STANDARD SERIAL NUMBER
International Standard Serial Number 1528-3658
024 7# - OTHER STANDARD IDENTIFIER
Standard number or code 10020
Source of number or code local
210 10 - ABBREVIATED TITLE
Abbreviated title Mol Med
245 10 - TITLE STATEMENT
Title Molecular Medicine
Medium [electronic resource] /
Statement of responsibility, etc edited by Betty Diamond, Valentin A Pavlov, Maria Ruggieri, Shabirul Haque, Sonya VanPatten.
264 #1 -
-- London :
-- BioMed Central :
-- Imprint: BioMed Central.
300 ## - PHYSICAL DESCRIPTION
Other physical details online resource.
520 ## - SUMMARY, ETC.
Summary, etc Molecular Medicine is an open access journal publishing recent findings that elucidate disease pathogenesis at the molecular or physiological level, which may lead to the design of specific tools for disease diagnosis, treatment, or prevention. Manuscripts containing material relevant to the genetic, molecular, or cellular basis of key physiologic or disease processes are considered for publication. Manuscripts submitted to Molecular Medicine should describe the implications of the results for human disease and medicine, at a level approachable by our broad audience. Criteria to consider for studies involving lnc-RNAs or micro-RNAs: · As lncRNAs and miRNAs have multiple targets, claims of their function mediated by a single target or pathway will not be accepted, unless multiple additional targets are investigated to support functional specificity. · The rationale to investigate a specific lncRNA or miRNA needs to be specified upfront in the introduction and justified in the context of other miRNAs known to be functional in that specific field. · The proposed function of the lnc-RNA or miRNA should be validated by gain and loss of function studies. · Primary cells should be used whenever possible to confirm findings in cell lines. · In depth investigation in the signaling pathway(s) regulated by the RNA species should be conducted. · Insight into the regulation of the RNA species and how it relates to the pathologic state should be provided. · If applicable: Details of initial screen used to identify RNA species involvement in pathway/disease (number of subjects, statistical tests employed, percent change from controls).
650 #0 - SUBJECT ADDED ENTRY--TOPICAL TERM
Topical term or geographic name as entry element Medicine—Research.
650 #0 - SUBJECT ADDED ENTRY--TOPICAL TERM
Topical term or geographic name as entry element Biology—Research.
650 14 - SUBJECT ADDED ENTRY--TOPICAL TERM
Topical term or geographic name as entry element Biomedical Research.
700 1# - ADDED ENTRY--PERSONAL NAME
Personal name Diamond, Betty.
Relator term editor.
Relator code edt
-- http://id.loc.gov/vocabulary/relators/edt
9 (RLIN) 23995
700 1# - ADDED ENTRY--PERSONAL NAME
Personal name Pavlov, Valentin A.
Relator term editor.
Relator code edt
-- http://id.loc.gov/vocabulary/relators/edt
9 (RLIN) 23996
700 1# - ADDED ENTRY--PERSONAL NAME
Personal name Ruggieri, Maria.
Relator term editor.
Relator code edt
-- http://id.loc.gov/vocabulary/relators/edt
9 (RLIN) 23997
700 1# - ADDED ENTRY--PERSONAL NAME
Personal name Haque, Shabirul.
Relator term editor.
Relator code edt
-- http://id.loc.gov/vocabulary/relators/edt
9 (RLIN) 23998
700 1# - ADDED ENTRY--PERSONAL NAME
Personal name VanPatten, Sonya.
Relator term editor.
Relator code edt
-- http://id.loc.gov/vocabulary/relators/edt
9 (RLIN) 23999
710 2# - ADDED ENTRY--CORPORATE NAME
Corporate name or jurisdiction name as entry element SpringerLink (Online service)
776 08 - ADDITIONAL PHYSICAL FORM ENTRY
Display text Printed version:
International Standard Serial Number 1076-1551
856 40 - ELECTRONIC LOCATION AND ACCESS
Uniform Resource Identifier <a href="https://molmed.biomedcentral.com">https://molmed.biomedcentral.com</a>
Public note Open Access

Немає доступних примірників.